| 000 | 00681nam a2200193 4500 | ||
|---|---|---|---|
| 001 | 116022 | ||
| 003 | ES-MaACL | ||
| 005 | 20230906190621.0 | ||
| 007 | t| | ||
| 008 | 061121s1948 sp r ||||1| spa d | ||
| 100 | 1 |
_aOrtiz Valdés, Manuel. _987652 |
|
| 245 | 1 | 3 |
_aLa hernia _b: cómo prevenir y cómo curar la hernia por procedimientos naturales / _cManuel Ortiz Valdés. |
| 260 |
_aValencia : _bPastor V. Cortell, _c1948. |
||
| 300 |
_a94 p. : _bil. ; _c18 cm. |
||
| 490 | 1 | _aColección conocimientos útiles de medicina natural | |
| 830 | 0 |
_aColección conocimientos útiles de medicina natural _9233288 |
|
| 852 |
_aES-MaACL _jD-7378 _bR.26571 |
||
| 999 |
_c116022 _d116022 |
||